LDR 01295nam a2200253 i 4500 001 000000031824 003 CaOOAMICUS 005 20260416103600.0 008 180830s1781 fr u000 u fre u 040 $aSeMil$bita 100 1 $aGiroust, Jacques,$c
.$0(OLS)http://semarc/name/14670 245 10$aSermons pour le carême, par le p. Giroust, de la Compagnie de Jésus. Tome 1. [-2.]. 250 $aNouvelle édition, revue et augmentée. 264 1$aA Toulouse :$bChez Sens, Libraire, vis-à-vis l'Église St. Rome ;$aA Nismes :$bChez Gaude, père, fils & Compagnie,$c1781. 300 $a2 v. ;$c12°. 500 $aFregio xilogr. sui front. - Testatine xilogr. 650 4$aPrediche, omelie, sermoni - Sec. 18.-19.$0(OLS)http://semarc/subject/5107 700 0 $aSens,$c
.$0(OLS)http://semarc/name/14671 774 0 $tTome 1.$g1$w()241480 774 0 $tTome 2.$g2$w()241481 996 $6245$aSermons pour le carême, par le p. Giroust, de la Compagnie de Jésus. Tome 1. [-2.]$9(OLS)http://semarc/title/43172 996 $6264$aA Toulouse :$bChez Sens, Libraire, vis-à-vis l'Église St. Rome$9(OLS)http://semarc/publisher/39031 996 $6264$aA Nismes :$bChez Gaude, père, fils & Compagnie$9(OLS)http://semarc/publisher/39032